000 00274nam a2200121Ia 4500
008 241002s9999 xx 000 0 und d
082 _a297.1 SHA
100 _aShaban, M.A
245 0 _aIslamic History AD 600 700
260 _aN/A
_cN/A
600 _aReligion
942 _cUC
999 _c18341
_d18341